000 00579nam a22001697a 4500
003 OSt
005 20260115094205.0
008 260115b |||||||| |||| 00| 0 eng d
040 _cMRSPTU
041 _aEnglish
100 _aAmanjot Kaur, Supervisor: Dr. Paramjeet Singh
245 _aSpell Checking and Error Correcting System for Text Paragraphs written in Punjabi Language Using Hybrid Approach
260 _bDepartment of CSE, MRSPTU, Bathinda
_c2016
650 _aComputer Science
856 _uhttp://163.47.215.52:8080/jspui/handle/123456789/414
942 _2ddc
_cTH
_n0
999 _c10638
_d10638